000 00774cab a2200241 4500
001 WB3510-42
008 090401t1999 xxu||||| |||| 00| 0 eng d
035 _a(Sirsi) u91986
041 _aeng
245 _aMore help for council home buyers
260 _c1999
350 _a0
490 _aDETR News Release
_v(195) 8 March 1999 (3)
520 _aFrom 1 April 1999, the government will cover 35% of the costs incurred by local authorities who buy back ex-council properties from people in difficulty, if they spend over £50,000 per year.
650 _aBUY-BACK SCHEME
650 _aDETR
650 _aFINANCIAL INCENTIVES
650 _aLOCAL AUTHORITIES
650 _aRIGHT TO BUY
690 _aHOUSING-HOUSING FINANCE
942 _n0
948 _c11/03/1999
999 _c58327
_d58327